| 000 | 00625nam a22001697a 4500 | ||
|---|---|---|---|
| 082 | _a670.5 | ||
| 100 | _aBari, Atif | ||
| 245 |
_a Improvement of Overhauling process of Outer Casing of Turbojet Engine by Improving the TIG welding parameters and changing of NDT Technique _cAtif Bari. |
||
| 260 |
_aIslamabad: _bSMME - NUST, _c2016. |
||
| 300 |
_a84 p.: ill.; _c30cm. |
||
| 650 |
_aMS-Thesis. _918721 |
||
| 700 |
_aDr. Shahid Ikramullah Butt _916240 |
||
| 856 | _uhttp://10.250.8.41:8080/xmlui/handle/123456789/10696 | ||
| 942 |
_2ddc _cTHE |
||
| 999 |
_c529096 _d529096 |
||